000 00427nam a2200169 a 4500
001 0000-8872
003 ELIB.Books
008 110520 1953
035 _a(ELIB.Books)0000-9018
082 _a268
_bPop
100 _aPope, R. Hudson
245 _aTo Teach Others Also
260 _bLondon; Page and Thomas Ltd
_c1953
650 _aChristian Education
942 _2ddc
_cBK
998 _cbat
_e2011-05-20
999 _c8872
_d8872